[Event "Pardubice Czech op-E 34th"]
[Site "Pardubice"]
[Date "2023.07.14"]
[Round "3"]
[White "Skacelik, Petr"]
[Black "Bartos, Jan"]
[Result "1/2-1/2"]
[WhiteElo "2158"]
[BlackElo "2122"]
[PlyCount "24"]
[EventDate "2023.07.13"]
[EventType "team-swiss"]
[EventRounds "7"]
[EventCountry "CZE"]
[SourceTitle "CBM 215 Extra"]
[Source "ChessBase"]
[SourceDate "2023.09.30"]
[SourceVersion "1"]
[SourceVersionDate "2023.09.30"]
[SourceQuality "1"]
[WhiteTeam "Brno Moravska Slavia"]
[BlackTeam "Tuhy Koren"]
[WhiteTeamCountry "CZE"]
[BlackTeamCountry "CZE"]

1. d4 Nf6 2. c4 e6 3. Nc3 d5 4. Bg5 dxc4 5. e3 c5 6. dxc5 Qxd1+ 7. Rxd1 Bxc5 8. Bxc4 a6 9. a4 Bd7 10. Nge2 Nc6 11. 0-0 Ne5 12. Bb3 Ke7 1/2-1/2

[Event "South Moravia Region-chT 2223"]
[Site "Czech Republic"]
[Date "2023.04.02"]
[Round "11.2"]
[White "Skalka, Jan"]
[Black "Skacelik, Petr"]
[Result "0-1"]
[WhiteElo "1901"]
[BlackElo "2166"]
[PlyCount "94"]
[EventDate "2022.10.09"]
[EventType "team-tourn"]
[EventRounds "11"]
[EventCountry "CZE"]
[SourceTitle "EXT 2024"]
[Source "ChessBase"]
[SourceDate "2023.10.10"]
[SourceVersion "1"]
[SourceVersionDate "2023.10.10"]
[SourceQuality "1"]

1. c4 c5 2. g3 g6 3. Nc3 Bg7 4. Bg2 Nc6 5. Nf3 Nf6 6. d4 0-0 7. 0-0 d6 8. dxc5 dxc5 9. Be3 Be6 10. Rc1 Qa5 11. Qa4 Qxa4 12. Nxa4 b6 13. Ng5 Bd7 14. Rfd1 Rac8 15. Nc3 Rfd8 16. Nb5 a6 17. Nc3 h6 18. Nge4 Ng4 19. Bf4 g5 20. Nd5 gxf4 21. Nxb6 Nd4 22. Nxc8 Rxc8 23. Rd2 f3 24. exf3 Ne5 25. Rc3 f5 26. Nxc5 Rxc5 27. Rxd4 Nxf3+ 28. Rxf3 Bxd4 29. Rd3 e5 30. b4 Rc7 31. Ra3 Ra7 32. Bd5+ Kg7 33. c5 Bb5 34. Rf3 Kf6 35. Be4 f4 36. gxf4 Be2 37. Rh3 exf4 38. Rxh6+ Ke5 39. Bg6 Rg7 40. h4 Kf6 41. h5 Kg5 42. Rh7 Rxh7 43. Bxh7 Kxh5 44. c6 Bb6 45. a4 a5 46. bxa5 Bxa5 47. Be4 Bd1 0-1

[Event "CZE-chT1E 2223"]
[Site "Czech Republic"]
[Date "2022.11.27"]
[Round "4.4"]
[White "Dvorak, Martin"]
[Black "Skacelik, Petr"]
[Result "0-1"]
[WhiteElo "2170"]
[BlackElo "2172"]
[PlyCount "100"]
[EventDate "2022.10.08"]
[EventType "team-tourn"]
[EventRounds "11"]
[EventCountry "CZE"]
[SourceTitle "CBM 213 Extra"]
[Source "ChessBase"]
[SourceDate "2023.05.31"]
[SourceVersion "1"]
[SourceVersionDate "2023.05.31"]
[SourceQuality "1"]
[WhiteTeam "Vlcnov"]
[BlackTeam "Brno Moravska Slavia II"]
[WhiteTeamCountry "CZE"]
[BlackTeamCountry "CZE"]

1. e4 c5 2. Nf3 Nc6 3. d4 cxd4 4. Nxd4 g6 5. Nc3 Bg7 6. Be3 Nf6 7. Nxc6 bxc6 8. e5 Ng8 9. f4 Nh6 10. Bc4 d6 11. Qf3 0-0 12. Qxc6 Bd7 13. Qb7 Rc8 14. Bd5 Rc7 15. Qa6 Qb8 16. Bb3 Nf5 17. Bf2 dxe5 18. Nd5 Bb5 19. Qa5 Rb7 20. g4 Nd4 21. 0-0-0 Bc6 22. fxe5 Nxb3+ 23. axb3 e6 24. Nf6+ Bxf6 25. exf6 Qf4+ 26. Kb1 Bxh1 27. Bc5 Re8 28. Rxh1 Qxf6 29. Qa6 Rc7 30. Rf1 Qg5 31. Bd4 e5 32. Qb5 Rce7 33. Bc5 Re6 34. Qd7 f6 35. Rd1 Qxg4 36. Rd6 Qf5 37. Rc6 Qf1+ 38. Ka2 Qb5 39. Bd6 e4 40. c4 Qa5+ 41. Ba3 R6e7 42. Qd6 f5 43. Rc5 Qd8 44. Qg3 Qb8 45. Qe1 Rf7 46. Rd5 f4 47. Bd6 Qc8 48. Be5 e3 49. Bd4 Rfe7 50. Qh4 Qa6+ 0-1

[Event "Pardubice Czech op-E 33rd"]
[Site "Pardubice"]
[Date "2022.07.17"]
[Round "7.2"]
[White "Skacelik, Petr"]
[Black "Brejnik, Gustav"]
[Result "0-1"]
[WhiteElo "2170"]
[BlackElo "2292"]
[PlyCount "86"]
[EventDate "2022.07.14"]
[EventType "team-swiss"]
[EventRounds "7"]
[EventCountry "CZE"]
[SourceTitle "CBM 209 Extra"]
[Source "ChessBase"]
[SourceDate "2022.09.30"]
[SourceVersion "1"]
[SourceVersionDate "2022.09.30"]
[SourceQuality "1"]
[WhiteTeam "Brno Moravska Slavia II"]
[BlackTeam "Kobylisy"]
[WhiteTeamCountry "CZE"]
[BlackTeamCountry "CZE"]

1. d4 d5 2. c4 c6 3. Nc3 Nf6 4. Nf3 e6 5. Bg5 Nbd7 6. e3 Qa5 7. cxd5 Nxd5 8. Qd2 Bb4 9. Rc1 Nxc3 10. bxc3 Ba3 11. Rb1 b6 12. Bd3 Ba6 13. 0-0 Bxd3 14. Qxd3 0-0 15. Rfd1 Rfe8 16. Bf4 Bf8 17. c4 h6 18. h3 c5 19. Ne5 Nxe5 20. Bxe5 cxd4 21. exd4 Rac8 22. Qb3 Red8 23. Rd3 Bd6 24. Bxd6 Rxd6 25. Rbd1 Rcd8 26. a4 Rxd4 27. Rxd4 Rxd4 28. Rxd4 Qe1+ 29. Kh2 Qe5+ 30. Kg1 Qxd4 31. Qb5 g6 32. a5 Qa1+ 33. Kh2 Qxa5 34. Qd7 Qe5+ 35. g3 Qc5 36. Kg2 Qxc4 37. Qxa7 Qd5+ 38. Kg1 b5 39. h4 h5 40. Qc7 Kg7 41. Qc3+ e5 42. Qb2 Qc5 43. Kf1 b4 0-1

[Event "CZE-chT2E 2122"]
[Site "Czech Republic"]
[Date "2022.02.27"]
[Round "9.6"]
[White "Skacelik, Petr"]
[Black "Bakos, Eduard"]
[Result "1-0"]
[WhiteElo "2138"]
[BlackElo "2078"]
[PlyCount "47"]
[EventDate "2021.10.17"]
[EventType "team-tourn"]
[EventRounds "11"]
[EventCountry "CZE"]
[SourceTitle "EXT 2024"]
[Source "ChessBase"]
[SourceDate "2023.10.10"]
[SourceVersion "1"]
[SourceVersionDate "2023.10.10"]
[SourceQuality "1"]
[WhiteTeam "Jundrov Jezdci II"]
[BlackTeam "Brno VSK Univ"]
[WhiteTeamCountry "CZE"]
[BlackTeamCountry "CZE"]

1. d4 Nf6 2. c4 g6 3. Nc3 Bg7 4. e4 d6 5. f3 Nbd7 6. Be3 e5 7. Nge2 0-0 8. Qd2 c5 9. d5 Ne8 10. g4 f5 11. gxf5 gxf5 12. exf5 Rxf5 13. Ng3 Rxf3 14. Be2 Rf8 15. 0-0-0 Ndf6 16. Rhg1 Kh8 17. Bg5 Qa5 18. h4 a6 19. h5 Ng8 20. h6 Bf6 21. Nh5 e4 22. Nxf6 Ngxf6 23. Bxf6+ Nxf6 24. Qg5 1-0

[Event "CZE-chT2E 2122"]
[Site "Czech Republic"]
[Date "2022.01.16"]
[Round "6.5"]
[White "Skacelik, Petr"]
[Black "Rehurek, Lukas"]
[Result "1-0"]
[WhiteElo "2138"]
[BlackElo "2168"]
[PlyCount "67"]
[EventDate "2021.10.17"]
[EventType "team-tourn"]
[EventRounds "11"]
[EventCountry "CZE"]
[SourceTitle "EXT 2024"]
[Source "ChessBase"]
[SourceDate "2023.10.10"]
[SourceVersion "1"]
[SourceVersionDate "2023.10.10"]
[SourceQuality "1"]
[WhiteTeam "Jundrov Jezdci II"]
[BlackTeam "Orechov Orel"]
[WhiteTeamCountry "CZE"]
[BlackTeamCountry "CZE"]

1. d4 Nf6 2. c4 e6 3. Nc3 Bb4 4. Qc2 0-0 5. a3 Bxc3+ 6. Qxc3 b6 7. Bg5 Bb7 8. e3 h6 9. Bh4 d6 10. Ne2 Nbd7 11. Qd3 c5 12. Nc3 d5 13. cxd5 exd5 14. Be2 Re8 15. 0-0 g5 16. Bg3 Ne4 17. Nxe4 dxe4 18. Qd2 Rc8 19. Rfd1 cxd4 20. Qxd4 Nc5 21. Bg4 Nb3 22. Qa4 Nxa1 23. Rxd8 Rcxd8 24. Qxa7 Bc8 25. Bh5 Be6 26. Qxb6 Nb3 27. h4 Rc8 28. hxg5 hxg5 29. Be5 Rc1+ 30. Kh2 Nd2 31. Be2 Bc4 32. Qf6 Rxe5 33. Qd8+ Kg7 34. Qxd2 1-0

[Event "CZE-chT2E 2122"]
[Site "Czech Republic"]
[Date "2021.12.19"]
[Round "5.5"]
[White "Bukacek, Lubomir"]
[Black "Skacelik, Petr"]
[Result "0-1"]
[WhiteElo "2099"]
[BlackElo "2138"]
[PlyCount "58"]
[EventDate "2021.10.17"]
[EventType "team-tourn"]
[EventRounds "11"]
[EventCountry "CZE"]
[SourceTitle "EXT 2024"]
[Source "ChessBase"]
[SourceDate "2023.10.10"]
[SourceVersion "1"]
[SourceVersionDate "2023.10.10"]
[SourceQuality "1"]
[WhiteTeam "Jihlava Gambit"]
[BlackTeam "Jundrov Jezdci II"]
[WhiteTeamCountry "CZE"]
[BlackTeamCountry "CZE"]

1. d4 Nf6 2. Bg5 Ne4 3. Bh4 c5 4. f3 Qa5+ 5. c3 Nf6 6. d5 d6 7. e4 Nbd7 8. Na3 g6 9. Nc4 Qc7 10. a4 b6 11. Qd2 Bg7 12. Nh3 0-0 13. Bg5 a6 14. Nf2 Rb8 15. Bh6 Ne5 16. Nxe5 dxe5 17. c4 Ne8 18. h4 f6 19. g3 Nd6 20. Be3 Bd7 21. b3 f5 22. Rc1 fxe4 23. fxe4 Rf3 24. Rg1 Rbf8 25. Qd3 Bh6 26. Nd1 Rxe3+ 27. Nxe3 Rf3 28. Nf5 Rxd3 29. Nxh6+ Kg7 0-1

[Event "CZE-chT1E 2122"]
[Site "Czech Republic"]
[Date "2021.10.10"]
[Round "2.1"]
[White "Skacelik, Petr"]
[Black "Cupek, Martin"]
[Result "1/2-1/2"]
[WhiteElo "2159"]
[BlackElo "2088"]
[PlyCount "44"]
[EventDate "2021.10.09"]
[EventType "team-tourn"]
[EventRounds "11"]
[EventCountry "CZE"]
[SourceTitle "EXT 2023"]
[Source "ChessBase"]
[SourceDate "2022.10.05"]
[SourceVersion "1"]
[SourceVersionDate "2022.10.05"]
[SourceQuality "1"]
[WhiteTeam "Brno Moravska Slavia II"]
[BlackTeam "Trinec"]
[WhiteTeamCountry "CZE"]
[BlackTeamCountry "CZE"]

1. d4 d6 2. c4 e5 3. Nf3 Nd7 4. Nc3 c6 5. e4 g6 6. Be2 Qe7 7. 0-0 Nh6 8. h3 Bg7 9. Be3 f5 10. dxe5 dxe5 11. Bg5 Nf6 12. exf5 gxf5 13. Re1 0-0 14. Qb3 Nf7 15. Bh4 Be6 16. Bf1 e4 17. Nd4 Ne5 18. Nxe6 Qxe6 19. Bg5 Nfd7 20. Rad1 Nc5 21. Qa3 b6 22. b4 Qg6 1/2-1/2

[Event "Pardubice Czech op-E 31st"]
[Site "Pardubice"]
[Date "2020.09.20"]
[Round "7.4"]
[White "Hruska, Jan"]
[Black "Skacelik, Petr"]
[Result "1/2-1/2"]
[WhiteElo "2108"]
[BlackElo "2161"]
[PlyCount "45"]
[EventDate "2020.09.17"]
[EventType "team-swiss"]
[EventRounds "7"]
[EventCountry "CZE"]
[SourceTitle "CBM 198 Extra"]
[Source "ChessBase"]
[SourceDate "2020.11.30"]
[SourceVersion "1"]
[SourceVersionDate "2020.11.30"]
[SourceQuality "1"]
[WhiteTeam "Pandemie Remiz"]
[BlackTeam "Brno Moravska Slavia"]
[WhiteTeamCountry "CZE"]
[BlackTeamCountry "CZE"]

1. c4 c5 2. Nc3 Nc6 3. g3 g6 4. Bg2 Bg7 5. d3 d6 6. e4 e6 7. Nge2 Nge7 8. Be3 Nd4 9. Qd2 0-0 10. 0-0 Nec6 11. f4 Rb8 12. Bf2 a6 13. Nxd4 Nxd4 14. Rac1 b5 15. b3 Bd7 16. Ne2 e5 17. fxe5 dxe5 18. cxb5 Bxb5 19. Nc3 Qd6 20. Nd5 f5 21. Bxd4 cxd4 22. Rc2 fxe4 23. Bxe4 1/2-1/2

[Event "Pardubice Czech op-E 31st"]
[Site "Pardubice"]
[Date "2020.09.17"]
[Round "1.4"]
[White "Kovalsky, David"]
[Black "Skacelik, Petr"]
[Result "1/2-1/2"]
[WhiteElo "1826"]
[BlackElo "2161"]
[PlyCount "93"]
[EventDate "2020.09.17"]
[EventType "team-swiss"]
[EventRounds "7"]
[EventCountry "CZE"]
[SourceTitle "CBM 198 Extra"]
[Source "ChessBase"]
[SourceDate "2020.11.30"]
[SourceVersion "1"]
[SourceVersionDate "2020.11.30"]
[SourceQuality "1"]
[WhiteTeam "Tatrovaci"]
[BlackTeam "Brno Moravska Slavia"]
[WhiteTeamCountry "CZE"]
[BlackTeamCountry "CZE"]

1. d4 Nf6 2. Nf3 g6 3. c4 Bg7 4. Nc3 0-0 5. e4 d6 6. Be2 Nbd7 7. Bg5 h6 8. Bh4 g5 9. Bg3 Nh5 10. Qd2 e5 11. d5 Nf4 12. Bxf4 exf4 13. h4 Ne5 14. hxg5 hxg5 15. Nd4 a6 16. 0-0-0 Qf6 17. f3 Bd7 18. Rh5 Rfb8 19. g3 Ng6 20. g4 Qxd4 21. Qxd4 Bxd4 22. Rxd4 f6 23. Rh1 Kg7 24. Rdd1 b5 25. Nb1 Ne5 26. Nd2 Rb6 27. b3 c5 28. Kb2 a5 29. Rh3 Rh8 30. Rxh8 Kxh8 31. Kc3 b4+ 32. Kb2 a4 33. Ra1 Kg7 34. Kc2 Rb8 35. Rh1 Ra8 36. Kb2 Ng6 37. Nb1 Nh4 38. Nd2 Re8 39. Bd3 Rh8 40. Be2 Rd8 41. Bd1 Ra8 42. Be2 Ng6 43. Nb1 Ne5 44. Nd2 Kg6 45. Nb1 Kg7 46. Nd2 Be8 47. Nb1 1/2-1/2

[Event "CZE-chT1E 1920"]
[Site "Czech Republic"]
[Date "2020.02.02"]
[Round "7.5"]
[White "Skacelik, Petr"]
[Black "Fargac, Martin"]
[Result "0-1"]
[WhiteElo "2162"]
[BlackElo "2249"]
[PlyCount "74"]
[EventDate "2019.10.20"]
[EventType "team-tourn"]
[EventRounds "11"]
[EventCountry "CZE"]
[SourceTitle "CBM 194 Extra"]
[Source "ChessBase"]
[SourceDate "2020.03.31"]
[SourceVersion "1"]
[SourceVersionDate "2020.03.31"]
[SourceQuality "1"]
[WhiteTeam "Brno Moravska Slavia II"]
[BlackTeam "Trinec"]
[WhiteTeamCountry "CZE"]
[BlackTeamCountry "CZE"]

1. d4 d5 2. c4 e6 3. Nc3 Nf6 4. Bg5 Be7 5. e3 h6 6. Bh4 0-0 7. Nf3 b6 8. cxd5 Nxd5 9. Bxe7 Qxe7 10. Nxd5 exd5 11. Bd3 Be6 12. 0-0 c5 13. b3 Nc6 14. Bb5 Rac8 15. h3 Rfd8 16. Rc1 Bf5 17. Re1 Be4 18. Bxc6 Rxc6 19. Ne5 Rcc8 20. f3 Bf5 21. Qd2 Re8 22. e4 dxe4 23. fxe4 Bh7 24. Nc4 Rcd8 25. e5 Rxd4 26. Qf2 Qg5 27. Rc3 Bd3 28. Nd6 Rxe5 29. Nxf7 Rxe1+ 30. Qxe1 Kxf7 31. Rxd3 Rxd3 32. Qf1+ Qf6 33. Qxd3 Qd4+ 34. Qxd4 cxd4 35. Kf1 Ke6 36. Ke2 Kd5 37. Kd3 b5 0-1

[Event "CZE-chT1E 1819"]
[Site "Czech Republic"]
[Date "2019.04.07"]
[Round "11.7"]
[White "Hladik, Oto"]
[Black "Skacelik, Petr"]
[Result "1-0"]
[WhiteElo "2163"]
[BlackElo "2181"]
[PlyCount "81"]
[EventDate "2018.10.21"]
[EventType "team-tourn"]
[EventRounds "11"]
[EventCountry "CZE"]
[SourceTitle "EXT 2020"]
[Source "ChessBase"]
[SourceDate "2019.10.17"]
[SourceVersion "1"]
[SourceVersionDate "2019.10.17"]
[SourceQuality "1"]
[WhiteTeam "Ostrava"]
[BlackTeam "Jundrov Jezdci"]
[WhiteTeamCountry "CZE"]
[BlackTeamCountry "CZE"]

1. e4 c5 2. Nf3 Nc6 3. d4 cxd4 4. Nxd4 g6 5. Nc3 Bg7 6. Be3 Nf6 7. Bc4 0-0 8. Bb3 d6 9. f3 Bd7 10. Qd2 Nxd4 11. Bxd4 b5 12. a4 b4 13. Ne2 a5 14. g4 Be6 15. 0-0-0 Bxb3 16. cxb3 Nd7 17. Kb1 Bxd4 18. Nxd4 Nc5 19. Qe3 Qb6 20. h4 Ne6 21. Rhe1 Rfc8 22. h5 Nxd4 23. hxg6 e5 24. gxf7+ Kxf7 25. Rh1 Rh8 26. f4 Rag8 27. Qf2 Ke8 28. fxe5 dxe5 29. Rh5 Qd6 30. Qh2 Rg6 31. Rxe5+ Kf7 32. Qf2+ Rf6 33. Qxd4 Qxd4 34. Rxd4 Rf1+ 35. Ka2 Rc8 36. Rxa5 Rg1 37. Rxb4 Rxg4 38. Rb7+ Kg8 39. Rh5 Rc1 40. Rhxh7 Rxe4 41. Rhc7 1-0

[Event "CZE-chT2D 1819"]
[Site "Czech Republic"]
[Date "2019.03.31"]
[Round "11.3"]
[White "Kosek, Marek"]
[Black "Skacelik, Petr"]
[Result "1/2-1/2"]
[WhiteElo "2121"]
[BlackElo "2181"]
[PlyCount "43"]
[EventDate "2018.10.14"]
[EventType "team-tourn"]
[EventRounds "11"]
[EventCountry "CZE"]
[SourceTitle "EXT 2022"]
[Source "ChessBase"]
[SourceDate "2021.10.06"]
[SourceVersion "1"]
[SourceVersionDate "2021.10.06"]
[SourceQuality "1"]
[WhiteTeam "Vysoke Myto"]
[BlackTeam "Brno Moravska Slavia II"]
[WhiteTeamCountry "CZE"]
[BlackTeamCountry "CZE"]

1. e4 c5 2. Nf3 Nc6 3. d4 cxd4 4. Nxd4 g6 5. c4 Bg7 6. Be3 Nf6 7. Nc3 d6 8. Be2 0-0 9. 0-0 Bd7 10. Qd2 Nxd4 11. Bxd4 Bc6 12. f3 a5 13. b3 Nd7 14. Be3 Ne5 15. Rab1 f5 16. exf5 gxf5 17. Rfc1 Qe8 18. Nd5 Qf7 19. Nc7 Ra7 20. Nb5 Raa8 21. Nc7 Ra7 22. Nb5 1/2-1/2

[Event "CZE-chT1E 1819"]
[Site "Czech Republic"]
[Date "2019.03.03"]
[Round "9.6"]
[White "Skacelik, Petr"]
[Black "Neoral, Antonin"]
[Result "0-1"]
[WhiteElo "2181"]
[BlackElo "2115"]
[PlyCount "163"]
[EventDate "2018.10.21"]
[EventType "team-tourn"]
[EventRounds "11"]
[EventCountry "CZE"]
[SourceTitle "CBM 189 Extra"]
[Source "ChessBase"]
[SourceDate "2019.06.03"]
[SourceVersion "1"]
[SourceVersionDate "2019.06.03"]
[SourceQuality "1"]
[WhiteTeam "Jundrov Jezdci"]
[BlackTeam "Litovel Tatran"]
[WhiteTeamCountry "CZE"]
[BlackTeamCountry "CZE"]

1. d4 Nf6 2. Nf3 c5 3. d5 e6 4. c4 exd5 5. cxd5 d6 6. Nc3 g6 7. e4 Bg7 8. Bb5+ Bd7 9. Bxd7+ Qxd7 10. 0-0 0-0 11. a4 Re8 12. Nd2 Na6 13. f3 Nh5 14. Nc4 Bd4+ 15. Kh1 Nc7 16. g4 Ng7 17. Bf4 Be5 18. Qd2 f6 19. Kg2 Rab8 20. Bxe5 fxe5 21. Nb5 Nxb5 22. axb5 b6 23. Qc3 Re7 24. Ra3 Ne8 25. Rfa1 Rb7 26. Rb3 Nc7 27. Na3 Rf7 28. Qc4 Ne8 29. Nc2 Qe7 30. Qe2 Qh4 31. Ne1 h5 32. gxh5 gxh5 33. Kh1 Rg7 34. Ng2 Qg5 35. Rba3 Rbf7 36. Rf1 h4 37. Raa1 Nf6 38. Ne3 Nh5 39. Rg1 Qf4 40. Rxg7+ Nxg7 41. Rf1 Rf6 42. Ng2 Qg5 43. Rg1 Qh5 44. Ne1 Kh7 45. Rg4 h3 46. Nd3 Rg6 47. Nf2 Rxg4 48. fxg4 Qh6 49. Qf1 Kg6 50. Nxh3 Qe3 51. Qg2 Qe1+ 52. Ng1 Kg5 53. h3 Kf4 54. Qf3+ Kg5 55. Kg2 Qd2+ 56. Qe2 Qb4 57. Nf3+ Kf4 58. Nd2 Kg5 59. Kg3 Kg6 60. Nf3 c4 61. h4 Qxb5 62. h5+ Kh7 63. Ng5+ Kh6 64. Nf7+ Kh7 65. Ng5+ Kh6 66. Qe3 Nxh5+ 67. gxh5 Kxh5 68. Ne6 Qb3 69. Qxb3 cxb3 70. Kf3 a5 71. Nc7 a4 72. Nb5 Kh4 73. Ke3 Kg4 74. Nc3 a3 75. bxa3 Kg3 76. a4 Kg2 77. Kd3 Kf3 78. Nb1 Kf4 79. Nc3 Kf3 80. Nd1 Kf4 81. Nb2 Kf3 82. Nc4 0-1

[Event "CZE-chT2D 1819"]
[Site "Czech Republic"]
[Date "2018.12.02"]
[Round "4.4"]
[White "Holasek, Pavel"]
[Black "Skacelik, Petr"]
[Result "1-0"]
[WhiteElo "2095"]
[BlackElo "2181"]
[PlyCount "101"]
[EventDate "2018.10.14"]
[EventType "team-tourn"]
[EventRounds "11"]
[EventCountry "CZE"]
[SourceTitle "EXT 2022"]
[Source "ChessBase"]
[SourceDate "2021.10.06"]
[SourceVersion "1"]
[SourceVersionDate "2021.10.06"]
[SourceQuality "1"]
[WhiteTeam "Pardubice Rapid"]
[BlackTeam "Brno Moravska Slavia II"]
[WhiteTeamCountry "CZE"]
[BlackTeamCountry "CZE"]

1. d4 Nf6 2. c4 g6 3. Nc3 Bg7 4. e4 d6 5. Be2 0-0 6. Bg5 h6 7. Be3 e5 8. d5 c5 9. h4 b5 10. cxb5 Qa5 11. Qd2 Kh7 12. h5 g5 13. f3 a6 14. g4 Ne8 15. Nh3 Nc7 16. a4 axb5 17. Nxb5 Nxb5 18. Qxa5 Rxa5 19. Bxb5 Bd7 20. Bd2 Ra7 21. Bxd7 Nxd7 22. Ke2 Rb8 23. Ra2 Bf6 24. Nf2 Bd8 25. Rha1 Ba5 26. Nd1 Kg7 27. Bxa5 Rxa5 28. Ne3 Ra6 29. a5 Rb4 30. Kd2 Rb3 31. Rc1 Nf6 32. Rc3 Rb4 33. Nc4 Ne8 34. Raa3 Nc7 35. Rab3 Nb5 36. Rxb4 cxb4 37. Rb3 Nd4 38. Rxb4 Nxf3+ 39. Ke2 Nh2 40. Rb7 Nxg4 41. b4 Nf6 42. b5 Ra8 43. a6 Nxe4 44. Nb6 Rd8 45. Rc7 Ng3+ 46. Kf3 Nxh5 47. a7 e4+ 48. Kxe4 Re8+ 49. Kf3 g4+ 50. Kxg4 Nf6+ 51. Kf3 1-0

[Event "CZE-chT2E 1718"]
[Site "Czech Republic"]
[Date "2018.01.28"]
[Round "7.6"]
[White "Skacelik, Petr"]
[Black "Balsinek, Pavel"]
[Result "1-0"]
[WhiteElo "2203"]
[BlackElo "2025"]
[PlyCount "91"]
[EventDate "2017.10.15"]
[EventType "team-tourn"]
[EventRounds "11"]
[EventCountry "CZE"]
[SourceTitle "EXT 2022"]
[Source "ChessBase"]
[SourceDate "2021.10.06"]
[SourceVersion "1"]
[SourceVersionDate "2021.10.06"]
[SourceQuality "1"]
[WhiteTeam "Brno Moravska Slavia II"]
[BlackTeam "Prusanky Podluzan"]
[WhiteTeamCountry "CZE"]
[BlackTeamCountry "CZE"]

1. d4 Nf6 2. c4 g6 3. Nc3 d5 4. Bg5 Ne4 5. Bh4 Nxc3 6. bxc3 Bg7 7. e3 c6 8. Nf3 0-0 9. Bd3 Nd7 10. 0-0 Nf6 11. Ne5 Nd7 12. f4 Nxe5 13. fxe5 f6 14. exf6 Bxf6 15. Bxf6 exf6 16. cxd5 cxd5 17. Qb3 b6 18. a4 Be6 19. e4 Qd6 20. exd5 Bxd5 21. Bc4 Bxc4 22. Qxc4+ Kg7 23. a5 Rac8 24. Qb3 bxa5 25. Rxa5 Rf7 26. Rfa1 Rcc7 27. Rd1 Rfe7 28. c4 Re2 29. Ra2 Rce7 30. Rxe2 Rxe2 31. Qf3 Qe7 32. Kf1 Rb2 33. c5 Qc7 34. Kg1 a5 35. Qe3 Qb7 36. d5 a4 37. c6 Qc8 38. Qe7+ Kh6 39. h3 Qf5 40. Qe3+ g5 41. d6 Qc2 42. Qf3 Rb1 43. Qxf6+ Kh5 44. Rxb1 Qxb1+ 45. Kh2 Qc2 46. d7 1-0

[Event "CZE-chT2E 1617"]
[Site "Czech Republic"]
[Date "2017.04.02"]
[Round "11.2"]
[White "Mikes, Jan"]
[Black "Skacelik, Petr"]
[Result "1/2-1/2"]
[WhiteElo "2198"]
[BlackElo "2162"]
[PlyCount "22"]
[EventDate "2016.09.10"]
[EventType "team-tourn"]
[EventRounds "11"]
[EventCountry "CZE"]
[SourceTitle "EXT 2022"]
[Source "ChessBase"]
[SourceDate "2021.10.06"]
[SourceVersion "1"]
[SourceVersionDate "2021.10.06"]
[SourceQuality "1"]
[WhiteTeam "Prusanky Podluzan"]
[BlackTeam "Brno Duras II"]
[WhiteTeamCountry "CZE"]
[BlackTeamCountry "CZE"]

1. c4 g6 2. Nc3 Bg7 3. g3 Nf6 4. Bg2 c5 5. Nf3 0-0 6. 0-0 Nc6 7. d3 d6 8. a3 Bd7 9. Rb1 a5 10. Bd2 Rb8 11. Nb5 Ne8 1/2-1/2

[Event "CZE-chT1E 1617"]
[Site "Czech Republic"]
[Date "2017.03.05"]
[Round "9.4"]
[White "Skacelik, Petr"]
[Black "Podlesny, Pavel"]
[Result "1-0"]
[WhiteElo "2162"]
[BlackElo "2093"]
[PlyCount "72"]
[EventDate "2016.10.16"]
[EventType "team-tourn"]
[EventRounds "11"]
[EventCountry "CZE"]
[SourceTitle "CBM 177 Extra"]
[Source "ChessBase"]
[SourceDate "2017.04.27"]
[SourceVersion "1"]
[SourceVersionDate "2017.04.27"]
[SourceQuality "1"]
[WhiteTeam "Brno Moravska Slavia"]
[BlackTeam "Havirov Banik"]
[WhiteTeamCountry "CZE"]
[BlackTeamCountry "CZE"]

1. d4 d5 2. c4 c6 3. Nc3 Nf6 4. Nf3 Bf5 5. e3 e6 6. Nh4 Bg4 7. Qb3 Qb6 8. h3 Bh5 9. g4 Bg6 10. Nxg6 hxg6 11. Bg2 dxc4 12. Qxc4 Qa6 13. Qb3 Nbd7 14. Bd2 Be7 15. 0-0-0 Nd5 16. e4 Nxc3 17. Bxc3 c5 18. Kb1 c4 19. Qc2 b5 20. d5 e5 21. f4 Bd6 22. Qd2 Qb6 23. fxe5 Nxe5 24. Bxe5 Bxe5 25. d6 c3 26. Qd5 c2+ 27. Kxc2 Rc8+ 28. Kb1 Rc5 29. Qa8+ Kd7 30. Qxh8 Rc8 31. Qh4 f6 32. Qe1 b4 33. Qg1 Qb5 34. Qe3 Bxd6 35. e5 fxe5 36. Rd5 Qa4 1-0

[Event "CZE-chT1E 1617"]
[Site "Czech Republic"]
[Date "2017.02.19"]
[Round "8.4"]
[White "Skacelik, Petr"]
[Black "Zednik, Josef"]
[Result "1/2-1/2"]
[WhiteElo "2162"]
[BlackElo "2110"]
[PlyCount "119"]
[EventDate "2016.10.16"]
[EventType "team-tourn"]
[EventRounds "11"]
[EventCountry "CZE"]
[SourceTitle "CBM 177 Extra"]
[Source "ChessBase"]
[SourceDate "2017.04.27"]
[SourceVersion "1"]
[SourceVersionDate "2017.04.27"]
[SourceQuality "1"]
[WhiteTeam "Brno Moravska Slavia"]
[BlackTeam "Grygov"]
[WhiteTeamCountry "CZE"]
[BlackTeamCountry "CZE"]

1. d4 d5 2. c4 c6 3. Nc3 Nf6 4. Nf3 dxc4 5. a4 Bf5 6. e3 e6 7. Bxc4 Bb4 8. 0-0 0-0 9. Qe2 Nbd7 10. e4 Bg6 11. Bd3 Bh5 12. Bg5 e5 13. d5 Bxc3 14. bxc3 cxd5 15. Qe3 Bg6 16. Rfd1 Qc7 17. Nd2 h6 18. Bh4 Nxe4 19. Nxe4 Bxe4 20. Bxe4 dxe4 21. Qxe4 Nc5 22. Qd5 Rfe8 23. f3 e4 24. Bg3 Qc6 25. Bd6 Rac8 26. Bxc5 Qxc5+ 27. Qxc5 Rxc5 28. fxe4 Rxc3 29. Rd7 Rb3 30. Rf1 f6 31. Rc1 Rxe4 32. h3 Rxa4 33. Kh2 Ra5 34. Rc8+ Kh7 35. Rcc7 Rg5 36. Rxb7 Rxb7 37. Rxb7 Ra5 38. Kg3 Ra4 39. Kf3 h5 40. g3 Kh6 41. h4 g5 42. hxg5+ fxg5 43. Rc7 Ra3+ 44. Kf2 Kg6 45. Rc6+ Kf5 46. Rc4 Ra5 47. Kf3 g4+ 48. Ke3 Re5+ 49. Kf2 Ke6 50. Rc6+ Kf5 51. Ra6 Re7 52. Ra5+ Ke4 53. Rxh5 Rb7 54. Ra5 Rb2+ 55. Kf1 Rb3 56. Kf2 Rf3+ 57. Kg2 Rd3 58. Rxa7 Rd2+ 59. Kf1 Ke3 60. Rf7 1/2-1/2